1917 1684 1579 1952 1279 1986 1552 1017 1555 1796 1510 1599 1115 1186 1087 1565 1628 1467 1851 1352 1190 1109 1861 1055 1759 1895 1756 1241 1880 1678 1092 1971 1491 1927 1856 1471 1618 1788 1708 1894 1695 1736 1281 1322 1404 1127 1242 1217 1534 1075 1423 1436 1127 1519 1066 1302 1201 1211 1013 1643 1533 1915 1867 1508 1275 1791 1130 1739 1450 1092 1671 1277 1432 1354 1022 1864 1767 1331 1910 1034 1423 1884 1052 1811 1880 1018 1298 1422 1786 1175 1772 1364 1817 1171 1535 1912 1030 1510 1417 BCNSPRNW ULIB Ver.6.0+V

เปลี่ยนเป็นภาษาไทย

Change to English
 แสดงรายละเอียดบรรณานุกรม
  กลับหน้าหลัก

Brief Record : Get Marc (ISO 2709) : E-mail record : QR code < ปิดหน้าต่าง
LEADER : 00000nam 2200000uu 4500
001    13399125344
003     ULIB
008    170505s2558||||th 000 0 tha d
020    ^a9786163948991
060  0 ^aWL500^bส485บ
100 0  ^aบุษบา ปันยารชุน
245 10 ^aเส้นประสาทสมองและก้านสมองเชิงประยุกต์ /^bบุษบา ปันยารชุน
260    ^aกรุงเทพฯ :^bจุฬาลงกรณ์มหาวิทยาลัย;^c2558
300    ^a190 หน้า: ^bภาพประกอบ:^c26 : ซม
650  4 ^aประสาทกายวิภาคศาสตร์
650  4 ^aเส้นประสาทสมอง
650  4 ^aก้านสมอง
945    ^p0^l0^i002053
945    ^p0^l0^i002054
945    ^p0^l0^i002055
945    ^p0^l0^i002056
945    ^p0^l0^i002057
999    ^aวรรณษา ชูชัยมงคล
รายการนี้ยังไม่มีแท็ก
คุณยังไม่ได้ล็อกอิน คุณสามารถมีกิจกรรมร่วมกับเว็บไซต์ได้ แต่ต้องล็อกอินก่อน ::
  ล็อกอิน

รายการสื่อสารสนเทศ

ลำดับที่ ประเภท เลขเรียก/บาร์โค้ด สถานที่ สถานะ
1. วิทยาศาสตร์การแพทย์ และสุขภาพ
วิทยาศาสตร์การแพทย์ และสุขภาพ
สถานะ=หนังสือเก่า
WL500 ส485บ ฉ.1 
  Barcode: 002053
ห้องสมุดวิทยาเขตสวรรค์ประชารักษ์
►ส่วนจัดเก็บหนังสือเก่า สปร
บนชั้น
  ขอยืม
2. วิทยาศาสตร์การแพทย์ และสุขภาพ
วิทยาศาสตร์การแพทย์ และสุขภาพ
สถานะ=หนังสือเก่า
WL500 ส485บ ฉ.2 
  Barcode: 002054
ห้องสมุดวิทยาเขตสวรรค์ประชารักษ์
►ส่วนจัดเก็บหนังสือเก่า สปร
บนชั้น
  ขอยืม
3. วิทยาศาสตร์การแพทย์ และสุขภาพ
วิทยาศาสตร์การแพทย์ และสุขภาพ
สถานะ=หนังสือเก่า
WL500 ส485บ ฉ.3 
  Barcode: 002055
ห้องสมุดวิทยาเขตสวรรค์ประชารักษ์
►ส่วนจัดเก็บหนังสือเก่า สปร
บนชั้น
  ขอยืม
4. วิทยาศาสตร์การแพทย์ และสุขภาพ
วิทยาศาสตร์การแพทย์ และสุขภาพ
สถานะ=หนังสือเก่า
WL500 ส485บ ฉ.4 
  Barcode: 002056
ห้องสมุดวิทยาเขตสวรรค์ประชารักษ์
►ส่วนจัดเก็บหนังสือเก่า สปร
บนชั้น
  ขอยืม
5. วิทยาศาสตร์การแพทย์ และสุขภาพ
วิทยาศาสตร์การแพทย์ และสุขภาพ
สถานะ=หนังสือเก่า
WL500 ส485บ ฉ.5 
  Barcode: 002057
ห้องสมุดวิทยาเขตสวรรค์ประชารักษ์
►ส่วนจัดเก็บหนังสือเก่า สปร
บนชั้น
  ขอยืม

รายการใกล้เคียง
    ผู้แต่ง [บุษบา ปันยารชุน]

    หัวเรื่อง [ประสาทกายวิภาคศาสตร์]

BibComment


ยังไม่เคยถูกคอมเมนท์

คอมเมนท์ทรัพยากรรายการนี้
  คอมเมนท์: เส้นประสาทสมองแล..


 Copyright 2026. Bcnsprnw @Library